ბათუმის შოთა რუსთაველის სახელმწიფო უნივერსიტეტის ბიბლიოთეკა

მინერალური სასუქების რაციონალური გამოყენება მევენახეობაში. (ბიბ.ჩანაწერი № 44720)

000 -LEADER
fixed length control field 00857nam a2200217Ia 4500
001 - CONTROL NUMBER
control field 11525
003 - CONTROL NUMBER IDENTIFIER
control field GE_BSU
008 - FIXED-LENGTH DATA ELEMENTS--GENERAL INFORMATION
fixed length control field 181216s||||||||xx |||||||||||||| ||und||
040 ## - CATALOGING SOURCE
Transcribing agency GE_BSU
080 ## - UNIVERSAL DECIMAL CLASSIFICATION NUMBER
Universal Decimal Classification number 634.8:631.82
100 ## - MAIN ENTRY--PERSONAL NAME
Personal name სანიკიძე,ა.ო.
245 ## - TITLE STATEMENT
Title მინერალური სასუქების რაციონალური გამოყენება მევენახეობაში.
245 ## - TITLE STATEMENT
Statement of responsibility, etc. რედ:ი.ნაკაიძე.
260 ## - PUBLICATION, DISTRIBUTION, ETC.
Place of publication, distribution, etc. თბილისი.
260 ## - PUBLICATION, DISTRIBUTION, ETC.
Name of publisher, distributor, etc. სახელგამი.
260 ## - PUBLICATION, DISTRIBUTION, ETC.
Date of publication, distribution, etc. 1952.
300 ## - PHYSICAL DESCRIPTION
Extent 232გვ;23სმ.
300 ## - PHYSICAL DESCRIPTION
Accompanying material ილ;ცხრ.
653 ## - INDEX TERM--UNCONTROLLED
Uncontrolled term მინერალური სასუქების რაციონალური გამოყენება მევენახეობაში.
942 ## - ADDED ENTRY ELEMENTS (KOHA)
Koha item type წიგნი
ეგზემპლარები
Withdrawn status Lost status Damaged status Not for loan Date acquired Barcode Date last seen Price effective from Koha item type
        2018-12-17 20092 2018-12-17 2018-12-17 წიგნი
        2018-12-17 20091 2018-12-17 2018-12-17 წიგნი